| 000 | 00437nam a22001457a 4500 | ||
|---|---|---|---|
| 999 |
_c15343 _d15343 |
||
| 082 |
_a631.37 _bSAR/TE |
||
| 100 |
_aSARMA, ARNAB _93017 |
||
| 245 | _aTesting and evaluation of a vertical conveyor reaper (1.0m IRRI model) | ||
| 260 |
_aTavanur _bKelappaji College of Agricultural Engineering and Technology _c1990 |
||
| 300 | _a76 | ||
| 500 | _aproject report | ||
| 520 | _aproject report | ||
| 650 |
_aproject report _92985 |
||
| 942 | _cPR | ||